| 000 | 00607nam a2200181 i 4500 | ||
|---|---|---|---|
| 001 | 74692 | ||
| 003 | ES-MaACL | ||
| 005 | 20250624194423.0 | ||
| 007 | t| | ||
| 008 | 040920s1939 sp ||||1| spa d | ||
| 100 | 1 |
_aGonzález de la Torre, José María. _958556 |
|
| 245 | 1 | 0 |
_aRicardo León o el genio de la lengua _b: (ensayo crítico del libro "El amor de los amores") / _cJosé María González de la Torre. |
| 260 |
_aAlmería : _bVoluntad, _c1939. |
||
| 300 |
_a281 p. ; _c16 cm. |
||
| 600 | 1 | 4 |
_aLeón, Ricardo, _d1877-1943 _971597 |
| 852 |
_aES-MaACL _jA-4892 _bR.16823 |
||
| 999 |
_c74692 _d74692 |
||